¿Policía o polozón? reconversión policial íya!

Sábháilte in:
Sonraí bibleagrafaíochta
Formáid: Téacs
Ábhair:
Clibeanna: Cuir clib leis
Níl clibeanna ann, Bí ar an gcéad duine le clib a chur leis an taifead seo!

MARC

LEADER 00000 a a2200000 04500
001 6850
003
040
245 |a ¿Policía o polozón? reconversión policial íya!  
650 |a POLICIA  
650 |a EL SALVADOR  
773 |g volumen 28, número 1255; páginas 14-16  
999 |c 25040  |d 25040